000 01057nam a2200229 i 4500
001 41405
003 ES-MaACL
005 20250901230102.0
007 t|
008 030310s1876 sp ||||1| spa d
080 _a343.712.1(460)"18"
080 _a343.712.3(460)"18"
245 0 0 _aColección de documentos y testos (sic) sobre bandolerismo y secuestros que la Junta de Agricultura, Industria y Comercio de la provincia de Málaga dispone publicar en apoyo de la proposición de ley presentada y sostenida en sesión del Congreso de 24 de Junio del corriente año por el Diputado de esta ciudad D. Manuel Casado y Sánchez de Castilla.
260 _aMálaga :
_bViuda de Gil de Montes,
_c1876.
300 _a46 p. ;
_c21 cm.
650 4 _aBandolerismo-
_zEspaña.
_9148254
650 4 _aSecuestro-
_zEspaña.
_9148255
700 0 _aCasado y Sánchez de Castilla, Manuel.
_936030
710 2 _aJunta de Agricultura, Industria y Comercio (Málaga)
_9148256
852 _aES-MaACL
_jL-4906 (13-3)
999 _c41405
_d41405